00421nam a2200181Ia 4500008004100000020001400041050001400055100002400069245002100093245002400114260001500138260001600153260000900169300001600178300002700194300001000221500000800231170918s9999 xx 000 0 und d a439270537 bW898 2000 aWoodson, Jacqueline aMiracle's boys / cJacqueline Woodson. aNew York : bScholastic, c2000 a133 pages : bcolored illustration ; c19cm. a660